| 000 | 00721nam a22002177a 4500 | ||
|---|---|---|---|
| 999 |
_c10340 _d10340 |
||
| 003 | AR-CdUCM | ||
| 008 | 190401b ||||| |||| 00| 0 spa d | ||
| 040 |
_aMUNICIPALIDAD PROVINCIAL DEL CUSCO _cBIBLIOTECA MUNICIPAL DEL CUSCO |
||
| 041 | _hcc | ||
| 082 |
_aEP / 895.1 / _bS36 |
||
| 100 |
_aShe, Lao _927137 |
||
| 245 |
_aLa casa de Té : _bDrama en tres actos / |
||
| 260 |
_aChina : _bEdiciones en lenguas extranjeras, _c1981. |
||
| 300 |
_a104 páginas ; _bFotografías, _c20 cm. |
||
| 505 | _aContenido: La casa de Té -- Respuestas a algunas peguntas de la casa de Té. | ||
| 650 |
_aTeatro chino _91630 |
||
| 650 |
_aDrama _9560 |
||
| 650 |
_aLiteratura escolar _926679 |
||
| 942 |
_2ddc _cLIBROS |
||
| 945 | _adavv | ||